Idle chatter 2

Đã lưu trong:
Chi tiết về thư mục
Tác giả chính: Perger, Margaret von, 1927-
Định dạng: Sách
Ngôn ngữ:English
Được phát hành: Melbourne : Oxford University Press, 1997.
Những chủ đề:
Các nhãn: Thêm thẻ
Không có thẻ, Là người đầu tiên thẻ bản ghi này!
Thư viện lưu trữ: Mạng thư viện Đại học Đà Nẵng
LEADER 01390nam a2200397 a 4500
001 000042055
003 7581
005 20190906153502.0
008 171030s1997
020 |a 0195540085 
040 |a LNN 
041 0 |a eng 
082 1 4 |a 421.52  |b PE-M 
100 1 |a Perger, Margaret von,  |d 1927- 
245 0 0 |a Idle chatter 2  |h [Cassette-Băng cát-xét] /  |c Margaret von Perger. 
260 |a Melbourne :  |b Oxford University Press,  |c 1997. 
300 |a 1 audio cassette (201 minutes). 
630 0 4 |a English language. 
630 0 4 |a Pronunciation. 
630 0 4 |a Phonetics. 
630 0 4 |a Orthography and spelling. 
630 0 4 |a Vowels. 
650 0 4 |a English language  |x Orthography and spelling  |x Study and teaching. 
650 0 4 |a English language  |x Phonetics  |x Study and teaching. 
650 0 4 |a English language  |x Pronunciation  |x Study and teaching. 
650 0 4 |a English language  |x Vowels  |x Study and teaching. 
OWN |a LNN 
AVA |a UDN50  |b LNN  |c English  |d 421.52 PE-M  |e available  |t Error 5001 Not defined in file expand_doc_bib_avail.  |f 1  |g 0  |h N  |i 0  |j AN  |k 1 
999 |a From the UDN01 
AVA |a UDN50  |b LNN  |c English  |d 421.52 PE-M  |e available  |t Error 5001 Not defined in file expand_doc_bib_avail.  |f 1  |g 0  |h N  |i 0  |j AN  |k 1 
TYP |a Monograph 
TYP |a Printed language 
980 |a Mạng thư viện Đại học Đà Nẵng